Citizen Delhi My Times, My Life (Record no. 12721)

MARC details
000 -LEADER
fixed length control field 00273nam a22000977a 4500
008 - FIXED-LENGTH DATA ELEMENTS--GENERAL INFORMATION
fixed length control field 241204b |||||||| |||| 00| 0 eng d
020 ## - INTERNATIONAL STANDARD BOOK NUMBER
International Standard Book Number 9789386826473
100 ## - MAIN ENTRY--PERSONAL NAME
Personal name Dikshit Sheila
9 (RLIN) 7819
245 ## - TITLE STATEMENT
Title Citizen Delhi My Times, My Life
260 ## - PUBLICATION, DISTRIBUTION, ETC. (IMPRINT)
Name of publisher, distributor, etc. New Delhi
Date of publication, distribution, etc. Bloomsbury India
Plate or publisher's number for music (Pre-AACR 2) [OBSOLETE, CAN/MARC], [LOCAL, USA] 2018
Holdings
Withdrawn status Lost status Source of classification or shelving scheme Damaged status Koha normalized classification for sorting Not for loan Home library Current library Shelving location Date acquired Total Checkouts Full call number Barcode Date last seen Price effective from Koha item type
    Dewey Decimal Classification   DIK_920_000000000000000   Good Samaritan School Library Good Samaritan School Library Biography 12/04/2024   DIK920 DIK17828 12/04/2024 12/04/2024 BOOK

Powered by Koha